<?xml version="1.0" encoding="UTF-8"?><?xml-stylesheet type="text/xsl" href="static/style.xsl"?><OAI-PMH xmlns="http://www.openarchives.org/OAI/2.0/" xmlns:xsi="http://www.w3.org/2001/XMLSchema-instance" xsi:schemaLocation="http://www.openarchives.org/OAI/2.0/ http://www.openarchives.org/OAI/2.0/OAI-PMH.xsd"><responseDate>2026-04-13T01:44:42Z</responseDate><request verb="GetRecord" identifier="oai:www.recercat.cat:20.500.12328/977" metadataPrefix="marc">https://recercat.cat/oai/request</request><GetRecord><record><header><identifier>oai:recercat.cat:20.500.12328/977</identifier><datestamp>2025-05-19T13:58:35Z</datestamp><setSpec>com_2072_67741</setSpec><setSpec>col_2072_484354</setSpec></header><metadata><record xmlns="http://www.loc.gov/MARC21/slim" xmlns:dcterms="http://purl.org/dc/terms/" xmlns:xsi="http://www.w3.org/2001/XMLSchema-instance" xmlns:doc="http://www.lyncode.com/xoai" xsi:schemaLocation="http://www.loc.gov/MARC21/slim http://www.loc.gov/standards/marcxml/schema/MARC21slim.xsd">
   <leader>00925njm 22002777a 4500</leader>
   <datafield ind2=" " ind1=" " tag="042">
      <subfield code="a">dc</subfield>
   </datafield>
   <datafield ind2=" " ind1=" " tag="720">
      <subfield code="a">Albareda-Tiana, Silvia</subfield>
      <subfield code="e">author</subfield>
   </datafield>
   <datafield ind2=" " ind1=" " tag="260">
      <subfield code="c">2015</subfield>
   </datafield>
   <datafield ind2=" " ind1=" " tag="520">
      <subfield code="a">Recientes Informes sobre el estado del planeta: Living Planet Report 2012 (WWF, 2012) y Climate change 2013: The physical science basis (IPCC, 2013), muestran que si seguimos a este ritmo de consumo en 2030, necesitaremos dos planetas para satisfacer todas nuestras demandas y el cambio climático provocará catástrofes medioambientales que tendrán graves consecuencias sociales. Nos encontramos en un peligro planetario sin precedentes. Ante esta situación de alarma, es fácil pensar que los únicos responsables son los políticos y los industriales, pero en este artículo nos cuestionamos: ¿Existen relaciones entre el consumo doméstico y los problemas globales? ¿Qué aportaciones podemos obtener de las enseñanzas sociales de la Iglesia, de la ciencia y del activismo social, que nos conduzcan no sólo a la lamentación, sino a contribuir a mitigar el cambio climático y a resolver los graves problemas socioambientales en los que nos hayamos? Los últimos pontífices católicos convergen con la física y activista ecofeminista Vandana Shiva, en recordar el deber moral de tener un comportamiento sostenible. Esta comunicación analiza las aportaciones más relevantes sobre los conceptos de pobreza y desarrollo humano sostenible de Juan Pablo II, Benedicto XVI, Francisco I y Vandana Shiva y trata de buscar convergencias entre estos autores. Las convergencias en el análisis de los conceptos y en las propuestas de cambio de conducta que sugieren los autores, suponen una interesante aportación para la sostenibilidad integral.</subfield>
   </datafield>
   <datafield ind1="8" ind2=" " tag="024">
      <subfield code="a">Albareda-Tiana, Silvia. Pobreza y desarrollo humano. Convergencias entre el ecofeminismo de Vandana Shiva y las enseñanzas sociales de la Iglesia. A: Institut d’Estudis Superiors de la Família (IESF). II International Conference Family and Society. Barcelona, 24-25/09/2014. Barcelona: Institut d’Estudis Superiors de la Família, Universitat Internacional de Catalunya, 2015, p. 673-690. ISBN 978-84-606-8395-7</subfield>
   </datafield>
   <datafield ind1="8" ind2=" " tag="024">
      <subfield code="a">9788460683957</subfield>
   </datafield>
   <datafield ind1="8" ind2=" " tag="024">
      <subfield code="a">http://hdl.handle.net/20.500.12328/977</subfield>
   </datafield>
   <datafield tag="653" ind2=" " ind1=" ">
      <subfield code="a">Pobreza</subfield>
   </datafield>
   <datafield tag="653" ind2=" " ind1=" ">
      <subfield code="a">Desarrollo humano</subfield>
   </datafield>
   <datafield tag="653" ind2=" " ind1=" ">
      <subfield code="a">Convergencias</subfield>
   </datafield>
   <datafield tag="653" ind2=" " ind1=" ">
      <subfield code="a">Desenvolupament sostenible</subfield>
   </datafield>
   <datafield tag="653" ind2=" " ind1=" ">
      <subfield code="a">Consum responsable</subfield>
   </datafield>
   <datafield tag="653" ind2=" " ind1=" ">
      <subfield code="a">Pobresa</subfield>
   </datafield>
   <datafield tag="653" ind2=" " ind1=" ">
      <subfield code="a">Consommation durable</subfield>
   </datafield>
   <datafield tag="653" ind2=" " ind1=" ">
      <subfield code="a">Poverty</subfield>
   </datafield>
   <datafield tag="653" ind2=" " ind1=" ">
      <subfield code="a">Sustainable development</subfield>
   </datafield>
   <datafield ind2="0" ind1="0" tag="245">
      <subfield code="a">Pobreza y desarrollo humano. Convergencias entre el ecofeminismo de Vandana Shiva y las enseñanzas sociales de la Iglesia</subfield>
   </datafield>
</record></metadata></record></GetRecord></OAI-PMH>